[Event "Moscow Open F Women"]
[Site "Moscow RUS"]
[Date "2011.02.05"]
[Round "8.30"]
[White "Eryshkanova, Anastasiya"]
[Black "Medvedeva, Anna"]
[Result "0-1"]
[WhiteTitle "WFM"]
[WhiteElo "2168"]
[BlackElo "1921"]
[WhiteFideId "24119059"]
[BlackFideId "24102776"]
[EventDate "2011.01.29"]

1. e4 e5 2. Nf3 Nf6 3. Nc3 Nc6 4. d4 exd4 5. Nxd4 Bb4 6. Nxc6 bxc6 7. Qd4 Qe7 8.
f3 Bc5 9. Qd3 Rb8 10. Na4 d5 11. Nxc5 Qxc5 12. exd5 cxd5 13. Qc3 Qxc3+ 14. bxc3
Bf5 15. Be3 Rb2 16. Bxa7 Kd7 17. g4 Bg6 18. Bd4 Rxc2 19. a4 Re8+ 20. Kd1 Kd6 21.
h4 h6 22. g5 hxg5 23. hxg5 Nd7 24. a5 Nc5 25. f4 Nb3 26. Be5+ Kc5 27. Ra3 Rb2
28. a6 f6 29. gxf6 gxf6 30. Rxb3 Rxb3 31. Bxf6 Rb1+ 32. Kd2 Ree1 33. Bd4+ Kd6
34. f5 Rbd1+ 35. Kc2 Bxf5+ 36. Kb2 Rb1+ 0-1

[Event "Moscow Open F Women"]
[Site "Moscow RUS"]
[Date "2011.02.05"]
[Round "8.32"]
[White "Mestnikova, Tuyara"]
[Black "Kostrikina, Anna"]
[Result "0-1"]
[BlackTitle "WFM"]
[WhiteElo "1852"]
[BlackElo "2079"]
[WhiteFideId "4127358"]
[BlackFideId "4176219"]
[EventDate "2011.01.29"]

1. d4 f5 2. c4 Nf6 3. Nc3 g6 4. Nf3 Bg7 5. Qc2 d6 6. e3 O-O 7. Be2 Qe8 8. O-O c6
9. d5 Na6 10. Rb1 Nc7 11. Rd1 Kh8 12. Qa4 Bd7 13. Qb3 Rb8 14. Nd4 Qf7 15. Bf3 e5
16. dxe6 Nxe6 17. Nxe6 Bxe6 18. Rxd6 Bxc4 19. Qd1 Bxa2 20. Nxa2 Qxa2 21. Qd3 Qf7
22. Bd2 Rbe8 23. Bb4 Rg8 24. Bd1 Qc7 25. Bb3 Rgf8 26. Rd1 a5 27. Bc3 b5 28. Bxf6
Bxf6 29. Rd7 Qb6 30. Bf7 Rd8 31. Qd6 Rxf7 32. Rxd8+ Qxd8 33. Qxd8+ Bxd8 34.
Rxd8+ Kg7 35. Rc8 Rf6 36. Kf1 Rd6 37. Ke2 Kf6 38. Rc7 h6 39. b3 Ke5 40. Ra7 Kd5
41. Rxa5 Kc5 42. Ra1 Kb4 43. Rb1 Kc3 44. b4 Kc2 45. Ra1 Kb2 46. Rg1 c5 47. bxc5
Rc6 48. g4 Rxc5 49. gxf5 gxf5 50. Rg6 h5 51. Rh6 b4 52. Kd3 b3 53. Kd4 Ra5 54.
Rb6 Ka2 55. Kc3 Rc5+ 56. Kb4 Rc7 57. Ra6+ Kb2 58. e4 fxe4 59. Re6 Rf7 60. Rxe4
Rxf2 61. Re3 Rf4+ 62. Kc5 Ka2 63. Re6 b2 64. Ra6+ Kb3 65. Rb6+ Kc2 66. Kd5 b1=Q
67. Rxb1 Kxb1 68. Ke5 Rf2 69. h4 Rh2 0-1

[Event "Moscow Open F Women"]
[Site "Moscow RUS"]
[Date "2011.02.05"]
[Round "8.34"]
[White "Styazhkina, Anna"]
[Black "Dordzhieva, Dinara"]
[Result "1-0"]
[WhiteTitle "WFM"]
[BlackTitle "WCM"]
[WhiteElo "1999"]
[BlackElo "1929"]
[WhiteFideId "24119300"]
[BlackFideId "24157570"]
[EventDate "2011.01.29"]

1. e4 c5 2. Ne2 Nf6 3. e5 Nd5 4. g3 d6 5. exd6 Qxd6 6. Bg2 e5 7. O-O Be7 8. Nbc3
Be6 9. d3 h6 10. f4 exf4 11. Bxf4 Qd7 12. Qd2 O-O 13. Rae1 Nc6 14. Nxd5 Bxd5 15.
Nc3 Bxg2 16. Qxg2 Rad8 17. Kh1 a6 18. Ne4 f5 19. Nd2 Bf6 20. Nc4 b5 21. Nb6 Qb7
22. Nd5 Qd7 23. Nxf6+ Rxf6 24. Re2 Nd4 25. Re5 Re8 26. c3 Ne6 27. Rfe1 Kf7 28.
Qf3 g5 29. Bc1 Ng7 30. Rxe8 Nxe8 31. Re5 Ng7 32. Rxc5 Qe7 33. Be3 g4 34. Qd5+
Kg6 35. Bg1 Qe2 36. d4 Qxb2 37. Qg2 Qb1 38. d5 Ne8 39. Rc6 Nd6 40. Rxa6 Qe1 41.
Rc6 Qd1 42. a4 bxa4 43. c4 a3 44. c5 Ne4 45. d6 a2 46. Qxa2 Nd2 47. Qd5 Qe1 48.
d7 Rxc6 49. Qxc6+ 1-0

[Event "Moscow Open F Women"]
[Site "Moscow RUS"]
[Date "2011.02.05"]
[Round "8.35"]
[White "Aseeva, Anastasia"]
[Black "Maslova, Elena"]
[Result "0-1"]
[WhiteElo "1807"]
[BlackElo "2065"]
[WhiteFideId "4184971"]
[BlackFideId "24102385"]
[EventDate "2011.01.29"]

1. d4 d5 2. c4 Bf5 3. Nc3 e6 4. cxd5 exd5 5. Qb3 Nc6 6. e3 Nb4 7. e4 dxe4 8. Be3
Nf6 9. a3 Nd3+ 10. Bxd3 exd3 11. Qb5+ Bd7 12. Qxd3 Bc6 13. f3 Be7 14. Nge2 Nd5
15. Bf2 Bf6 16. O-O Qd7 17. Nxd5 Qxd5 18. Nc3 Qd7 19. Rfe1+ Kf8 20. Rad1 Rd8 21.
d5 b6 22. Qe4 Bxc3 23. dxc6 Qxd1 24. Qe7+ Kg8 25. bxc3 Qd6 26. Qxd6 cxd6 27. Re7
Ra8 28. Bg3 h5 29. Bxd6 Rh6 30. Rd7 Rc8 31. c7 Rxd6 32. Rxd6 Rxc7 33. Rd3 Kf8
34. Kf2 Rc4 35. Ke2 Ra4 36. c4 Rxc4 37. Kd2 Ke7 38. Rb3 Kd6 39. Rd3+ Kc5 40. Ke3
Rc2 41. g3 Kc4 42. Rd4+ Kb3 43. Rd7 a5 44. Rxf7 Kxa3 45. Rxg7 Rc5 46. f4 a4 47.
Rg5 Kb3 48. Rxc5 bxc5 49. f5 a3 50. f6 a2 51. f7 a1=Q 52. f8=Q Qe1+ 53. Kd3 c4+
54. Kd4 Qd2+ 55. Ke4 Qd3+ 56. Ke5 c3 57. Qf7+ Kb2 58. Qb7+ Kc1 59. Qh1+ Kd2 60.
Kf4 c2 61. Qg2+ Kc3 62. Qc6+ Qc4+ 63. Qxc4+ Kxc4 64. Kg5 c1=Q+ 0-1

[Event "Moscow Open F Women"]
[Site "Moscow RUS"]
[Date "2011.02.05"]
[Round "8.36"]
[White "Tsepennikova, Tatyana"]
[Black "Bauyrzhan, Arnash"]
[Result "1/2-1/2"]
[WhiteTitle "WFM"]
[WhiteElo "2104"]
[BlackElo "1900"]
[WhiteFideId "4153901"]
[BlackFideId "13706322"]
[EventDate "2011.01.29"]

1. d4 Nf6 2. Nf3 g6 3. Bg5 Bg7 4. Nbd2 d6 5. c3 O-O 6. e4 Nbd7 7. Be2 e5 8. dxe5
Nxe5 9. Nxe5 dxe5 10. O-O h6 11. Bh4 Be6 12. Qc2 c6 13. Bg3 Nh7 14. Nc4 Bxc4 15.
Bxc4 Qe7 16. Rad1 Rad8 17. Qb3 b5 18. Be2 Ng5 19. f3 Ne6 20. a4 a6 21. axb5 axb5
22. Qc2 Qg5 23. Kf2 h5 24. h4 Qe7 25. Kg1 Bh6 26. Bf2 g5 27. Be3 Qf6 28. hxg5
Bxg5 29. Bxg5 Qxg5 30. Rxd8 Rxd8 31. Rd1 Rxd1+ 32. Qxd1 Nf4 33. Bf1 h4 34. Kf2
Qg3+ 35. Ke3 Nxg2+ 36. Bxg2 Qxg2 37. Qd8+ Kg7 38. Qxh4 Qg1+ 39. Ke2 Qg2+ 40. Ke3 1/2-1/2

[Event "Moscow Open F Women"]
[Site "Moscow RUS"]
[Date "2011.02.05"]
[Round "8.37"]
[White "Frolova, Ekaterina"]
[Black "Sazonova, Anastasia"]
[Result "1-0"]
[WhiteElo "2067"]
[BlackElo "1886"]
[WhiteFideId "4159420"]
[BlackFideId "24131008"]
[EventDate "2011.01.29"]

1. e4 c5 2. Nf3 d6 3. d4 cxd4 4. Nxd4 Nf6 5. Nc3 a6 6. Be3 e6 7. g4 h6 8. h3 Qc7
9. Qe2 Nbd7 10. Bg2 Ne5 11. O-O-O Nc4 12. Kb1 Nxe3 13. Qxe3 Be7 14. f4 Rb8 15.
Bf3 Nd7 16. h4 b5 17. g5 Bb7 18. g6 b4 19. Nd5 exd5 20. exd5 Nc5 21. Rde1 O-O
22. Nf5 Bf6 23. Rhg1 fxg6 24. Rxg6 Kh7 25. Reg1 Rbe8 26. Qd2 a5 27. Qg2 Rf7 28.
Nxh6 Rfe7 29. Bd1 Re1 30. f5 Rxg1 31. Qxg1 gxh6 32. Rxh6+ 1-0

[Event "Moscow Open F Women"]
[Site "Moscow RUS"]
[Date "2011.02.05"]
[Round "8.38"]
[White "Arnatskaya, Zoya"]
[Black "Pershina, Elena"]
[Result "0-1"]
[WhiteElo "1867"]
[BlackElo "2053"]
[WhiteFideId "24137081"]
[BlackFideId "24147516"]
[EventDate "2011.01.29"]

1. e4 e5 2. Nc3 Nc6 3. f4 Qh4+ 4. g3 Qe7 5. Nd5 Qd6 6. d3 Nf6 7. fxe5 Nxe5 8. d4
Ng6 9. Nxf6+ Qxf6 10. Bg2 Be7 11. Nf3 Qa6 12. h4 h6 13. h5 Nf8 14. Nh4 d6 15.
Qf3 Bf6 16. c3 Bd7 17. Nf5 Bxf5 18. Qxf5 Qd3 19. Rh3 Ne6 20. Bf1 Qc2 21. Qb5+
Ke7 22. Qxb7 Rab8 23. Qxa7 Qxe4+ 24. Kf2 Ra8 25. Bd3 Qxd3 26. Qb7 Qf5+ 27. Kg2
Rhb8 28. Qc6 Qc2+ 29. Kh1 Bxd4 30. Qf3 Qf2 31. Qxf2 Bxf2 32. Kg2 Ba7 33. b4 c5
34. Bd2 cxb4 35. cxb4 Bd4 36. Rd1 Rxa2 37. Kf1 Rb5 38. g4 Rd5 39. Rd3 Rb5 40.
Be1 Be5 41. Re3 f6 42. Red3 Nf4 43. Rb3 Ke6 44. Bd2 Rd5 45. Ke1 Ng2+ 46. Ke2 Bf4
47. Rd3 Rxd3 48. Kxd3 Rxd2+ 49. Rxd2 Bxd2 50. Kxd2 Kd5 51. Kd3 Nf4+ 52. Kc3 g6 0-1

[Event "Moscow Open F Women"]
[Site "Moscow RUS"]
[Date "2011.02.05"]
[Round "8.40"]
[White "Matsenko, Elena"]
[Black "Zasypkina, Evgenia"]
[Result "1-0"]
[WhiteTitle "WFM"]
[WhiteElo "2039"]
[BlackElo "1855"]
[WhiteFideId "4172892"]
[BlackFideId "24102784"]
[EventDate "2011.01.29"]

1. e4 c5 2. Nf3 d6 3. d4 cxd4 4. Qxd4 Bd7 5. c4 Nc6 6. Qd2 Nf6 7. Nc3 g6 8. b3
Bg7 9. Bb2 O-O 10. Be2 a6 11. O-O Qc7 12. Rfd1 Rfd8 13. h3 Rac8 14. Rac1 Na7 15.
Qe3 Qb8 16. Nd4 Nc6 17. Nd5 Re8 18. Bd3 Ne5 19. Bb1 Bc6 20. Nxf6+ Bxf6 21. f4
Nd7 22. e5 Bg7 23. e6 fxe6 24. Qxe6+ Kh8 25. Nxc6 1-0

[Event "Moscow Open F Women"]
[Site "Moscow RUS"]
[Date "2011.02.05"]
[Round "8.41"]
[White "Trotsenko, Evgenia"]
[Black "Egorova, Ayyyna"]
[Result "0-1"]
[WhiteTitle "WFM"]
[BlackTitle "WCM"]
[WhiteElo "2001"]
[BlackElo "1847"]
[WhiteFideId "4149289"]
[BlackFideId "24136611"]
[EventDate "2011.01.29"]

1. c4 f5 2. Nf3 Nf6 3. Nc3 g6 4. d4 d6 5. e3 Bg7 6. Be2 O-O 7. O-O Qe8 8. Rb1 e5
9. dxe5 dxe5 10. Nd5 Nxd5 11. cxd5 c6 12. dxc6 Nxc6 13. b3 Be6 14. Ba3 Rf7 15.
Bb5 a6 16. Bxc6 Qxc6 17. Bb2 Rd7 18. Qe2 Bd5 19. Rfc1 Bxf3 20. gxf3 Qe6 21. Qc4
Qxc4 22. Rxc4 Kf7 23. Rc5 Ke6 24. Kf1 Rad8 25. Ke1 Bf6 26. Rcc1 Bh4 27. Rc2 Be7
28. a3 Rd3 29. b4 Bh4 30. Ke2 R8d7 31. Rf1 h6 32. Bc1 g5 33. h3 h5 34. Rh1 f4
35. Rd2 Rxd2+ 36. Bxd2 Bxf2 37. exf4 exf4 38. Bxf4 gxf4 39. Kxf2 Rd2+ 40. Ke1
Ra2 41. Kf1 Kd5 42. h4 Ra1+ 43. Kg2 Rxh1 44. Kxh1 Kd4 45. Kg1 Ke3 46. Kg2 b5 0-1

[Event "Moscow Open F Women"]
[Site "Moscow RUS"]
[Date "2011.02.05"]
[Round "8.42"]
[White "Trapeznikova, Darya"]
[Black "Morozova, Ulia"]
[Result "1/2-1/2"]
[WhiteElo "1991"]
[BlackElo "1724"]
[WhiteFideId "24121118"]
[BlackFideId "24159310"]
[EventDate "2011.01.29"]

1. d4 Nf6 2. c4 g6 3. Nc3 d5 4. cxd5 Nxd5 5. e4 Nxc3 6. bxc3 c5 7. Be3 Bg7 8.
Nf3 O-O 9. Be2 Nc6 10. O-O cxd4 11. cxd4 Bg4 12. d5 Bxf3 13. Bxf3 Bxa1 14. Qxa1
Na5 15. Bh6 f6 16. Bg4 Qd6 17. Be6+ Kh8 18. Qc3 b6 19. Bxf8 Rxf8 20. Rc1 Nb7 21.
Qc7 Nc5 22. Qxa7 Nxe6 23. dxe6 Qxe6 24. Rb1 Qxe4 25. Qxb6 Kg7 26. Ra1 Ra8 27. h3
Qe5 28. Qb1 Ra3 29. Qc1 Qa5 30. Qb2 h5 31. Qe2 Qa7 32. Qe6 Ra6 33. Qb3 Ra3 34.
Qe6 1/2-1/2

[Event "Moscow Open F Women"]
[Site "Moscow RUS"]
[Date "2011.02.05"]
[Round "8.44"]
[White "Turygina, Irina"]
[Black "Anu, Bayar"]
[Result "1-0"]
[WhiteElo "1650"]
[BlackElo "1957"]
[WhiteFideId "24110973"]
[BlackFideId "4901339"]
[EventDate "2011.01.29"]

1. e4 c5 2. Nf3 d6 3. d4 cxd4 4. Nxd4 Nf6 5. Nc3 g6 6. Be2 Bg7 7. Be3 O-O 8. Qd2
Nc6 9. O-O a6 10. Rfd1 Bd7 11. Nb3 b5 12. a3 Qc7 13. Bf4 Rfd8 14. Rab1 e5 15.
Bg5 Be6 16. Rbc1 Rd7 17. Bxf6 Bxf6 18. Nd5 Bxd5 19. Qxd5 Rb8 20. c4 Ne7 21. Qd3
Bg5 22. Rc3 b4 23. axb4 Rxb4 24. c5 d5 25. Qxa6 Rxe4 26. c6 Rd6 27. Qb7 Rxc6 28.
Qxc7 Rxc7 29. Rxc7 Rxe2 30. Rb1 d4 31. Kf1 d3 32. Rd7 e4 33. Nd4 Rc2 34. Rxe7
Rc4 35. Rxe4 f5 36. Re8+ Kf7 37. Nb5 Rc2 38. Ree1 1-0

[Event "Moscow Open F Women"]
[Site "Moscow RUS"]
[Date "2011.02.05"]
[Round "8.45"]
[White "Mokshanova, Elizaveta"]
[Black "Abdumalik, Zhansaya"]
[Result "0-1"]
[BlackTitle "WFM"]
[WhiteElo "1711"]
[BlackElo "1938"]
[WhiteFideId "24160679"]
[BlackFideId "13703544"]
[EventDate "2011.01.29"]

1. e4 c5 2. Nf3 e6 3. c3 Nf6 4. e5 Nd5 5. d4 cxd4 6. cxd4 b6 7. Nc3 Nxc3 8. bxc3
Bb7 9. Bd3 Be7 10. O-O O-O 11. Re1 d6 12. exd6 Qxd6 13. Qe2 Nd7 14. Be4 Bxe4 15.
Qxe4 Nf6 16. Qd3 Rac8 17. Bg5 Rfd8 18. Nd2 Qc6 19. Ne4 Nxe4 20. Bxe7 Rd7 21.
Rxe4 Rxe7 22. Rh4 h6 23. Rh3 Rec7 24. Rc1 Qd5 25. Rc2 b5 26. a3 a5 27. Rd2 Qb3
28. c4 bxc4 29. Qe2 c3 30. Rd1 Qb2 31. Qe3 c2 32. Rc1 Rb7 0-1

[Event "Moscow Open F Women"]
[Site "Moscow RUS"]
[Date "2011.02.05"]
[Round "8.50"]
[White "Terentieva, Alena"]
[Black "Sotiriadou, Ioanna"]
[Result "1-0"]
[WhiteElo "1700"]
[BlackElo "1607"]
[WhiteFideId "24141291"]
[BlackFideId "4222997"]
[EventDate "2011.01.29"]

1. e4 e5 2. Nf3 d6 3. Bc4 Bg4 4. c3 Nf6 5. h3 Bh5 6. d3 c6 7. Nbd2 d5 8. Bb3
Nbd7 9. Bc2 Bc5 10. b4 Bb6 11. Nf1 a5 12. Bb2 axb4 13. cxb4 Ba7 14. Ng3 Qb6 15.
O-O O-O 16. Nxh5 Nxh5 17. Nxe5 Nxe5 18. Bxe5 f6 19. Bd6 g6 20. Bxf8 Rxf8 21. Bb3
Ng3 22. Qf3 Nxf1 23. Rxf1 Kh8 24. exd5 cxd5 25. Bxd5 Qxb4 26. Bxb7 Qd4 27. Qd5
Qh4 28. Qd6 Re8 29. Bc6 Rb8 30. Be4 Qg5 31. Qc7 Qa5 32. Qxa5 1-0

[Event "Moscow Open F Women"]
[Site "Moscow RUS"]
[Date "2011.02.05"]
[Round "8.51"]
[White "Burmistrova, Alena"]
[Black "Kalashnikova, Larisa"]
[Result "0-1"]
[BlackTitle "WFM"]
[WhiteElo "1720"]
[BlackElo "1971"]
[WhiteFideId "24160415"]
[BlackFideId "4110986"]
[EventDate "2011.01.29"]

1. f4 f5 2. Nf3 g6 3. e3 Bg7 4. Be2 Nf6 5. O-O O-O 6. d3 d5 7. Ne5 Nbd7 8. b3 c5
9. Bb2 Qb6 10. Nxd7 Bxd7 11. Nd2 Rad8 12. Nf3 Ng4 13. Bxg7 Kxg7 14. Qd2 Qe6 15.
e4 fxe4 16. Ng5 Qf6 17. dxe4 d4 18. Bxg4 Bxg4 19. e5 Qb6 20. Ne4 Qc6 21. Rae1 b5
22. Qa5 a6 23. Qa3 Rc8 24. Rf2 Rc7 25. Qb2 Bf5 26. Ng3 Be6 27. Ref1 Qd7 28. Rd1
Bg4 29. Rd3 Bf5 30. Nxf5+ Qxf5 31. Qa3 Qc8 32. c3 dxc3 33. Rh3 b4 34. Qc1 e6 35.
g4 Kg8 36. Qe3 Rg7 37. Qd3 Rd8 38. Qc2 Qd7 39. Kg2 Qd5+ 40. Rhf3 a5 41. Kg3 c4
42. bxc4 Qxc4 43. a3 Rc7 44. axb4 axb4 45. Re3 b3 46. Qc1 Rd3 47. Rxd3 Qxd3+ 48.
Kg2 Qe4+ 49. Kg1 Qd4 50. Kg2 Qe4+ 51. Kg1 Kg7 52. Rf1 Qd4+ 53. Kg2 c2 0-1

[Event "Moscow Open F Women"]
[Site "Moscow RUS"]
[Date "2011.02.05"]
[Round "8.52"]
[White "Stanetskaya, Galina"]
[Black "Lisachenko, Natalia"]
[Result "0-1"]
[WhiteElo "1531"]
[BlackElo "1903"]
[WhiteFideId "24156957"]
[BlackFideId "4174151"]
[EventDate "2011.01.29"]

1. e4 c6 2. Nc3 d5 3. e5 Bf5 4. Nf3 e6 5. d4 Qb6 6. Be2 c5 7. Na4 Qa5+ 8. Nc3
Nc6 9. O-O Bg4 10. Qd3 Bxf3 11. Bxf3 Nxd4 12. Be3 Nc6 13. Qb5 Qxb5 14. Nxb5 Rc8
15. Nd6+ Bxd6 16. exd6 b6 17. Bf4 Kd7 18. Rfe1 Nf6 19. b3 Rhe8 20. c4 d4 21.
Bxc6+ Kxc6 22. h3 Nd7 23. a3 e5 24. Bg3 Kxd6 25. f4 e4 26. b4 f5 27. b5 Nf6 28.
a4 e3 29. Rad1 Kc7 30. Bh2 Rcd8 31. g4 g6 32. g5 Ne4 33. Kg2 Nd6 34. Rc1 d3 35.
Rc3 d2 36. Rd1 Nxc4 0-1

[Event "Moscow Open F Women"]
[Site "Moscow RUS"]
[Date "2011.02.05"]
[Round "8.54"]
[White "Butneva, Larisa"]
[Black "Loginova, Tatiana"]
[Result "1-0"]
[WhiteElo "1867"]
[BlackElo "1599"]
[WhiteFideId "24106011"]
[BlackFideId "24174700"]
[EventDate "2011.01.29"]

1. e4 c6 2. d4 d5 3. Nc3 dxe4 4. Nxe4 Bf5 5. Ng3 Bg6 6. f4 e6 7. Nf3 Nd7 8. Bc4
Ngf6 9. Qe2 Be7 10. h4 h6 11. h5 Bh7 12. Bd2 Bxc2 13. Bc3 Bh7 14. O-O-O b5 15.
Bb3 b4 16. Be1 Qc7 17. Ne5 Nxe5 18. dxe5 Nd5 19. Rf1 Qc8 20. Ne4 Bxe4 21. Qxe4
a5 22. Ba4 Qa6 23. Bd2 Qb6 24. f5 Qc5+ 25. Kb1 exf5 26. Rxf5 Rb8 27. Ka1 O-O 28.
Rc1 Qa7 29. Bxc6 Nc7 30. Ba4 Ne6 31. Be3 Bc5 32. Bd2 Rbd8 33. Bxh6 gxh6 34. Rf6
Be3 35. Bc2 Ng5 36. Qf5 Bxc1 37. Rxh6 Qd7 38. Qf6 Bxb2+ 39. Kb1 Bxe5 40. Rh8# 1-0

[Event "Moscow Open F Women"]
[Site "Moscow RUS"]
[Date "2011.02.05"]
[Round "8.55"]
[White "Frantsuzova, Lyudmila"]
[Black "Artemenko, Rimma"]
[Result "1-0"]
[WhiteElo "1839"]
[BlackElo "1566"]
[WhiteFideId "4171918"]
[BlackFideId "4194799"]
[EventDate "2011.01.29"]

1. d4 e6 2. Nf3 Nf6 3. Bg5 Be7 4. c3 Ne4 5. Bf4 d5 6. e3 c5 7. Bd3 c4 8. Bc2 O-O
9. Nbd2 f5 10. Ne5 Nxd2 11. Kxd2 Nc6 12. h4 Nxe5 13. dxe5 Qe8 14. h5 g5 15. hxg6
Qxg6 16. g4 Bg5 17. Bxg5 Qxg5 18. gxf5 Kf7 19. Rxh7+ Kg8 20. f6 Rf7 21. Rh5 Qg2
22. Qg1 Qxg1 23. Rxg1+ Rg7 24. Rxg7+ Kf8 25. Rh8# 1-0

[Event "Moscow Open F Women"]
[Site "Moscow RUS"]
[Date "2011.02.06"]
[Round "9.1"]
[White "Charochkina, Daria"]
[Black "Kovanova, Baira"]
[Result "1/2-1/2"]
[WhiteTitle "WIM"]
[BlackTitle "WGM"]
[WhiteElo "2314"]
[BlackElo "2391"]
[WhiteFideId "4180917"]
[BlackFideId "4164083"]
[EventDate "2011.01.29"]

1. e4 e5 2. Nf3 Nc6 3. Nc3 Nf6 4. d4 exd4 5. Nxd4 Bb4 6. Nxc6 bxc6 7. Bd3 O-O 8.
O-O d5 9. exd5 cxd5 10. Bg5 c6 11. Qf3 Be7 12. Rfe1 h6 13. Bf4 Bd6 14. Bxd6 Qxd6
15. h3 Rb8 16. b3 Bd7 17. Ne2 Rfe8 18. Nd4 g6 19. c3 Kg7 20. Qg3 Qxg3 21. fxg3
c5 22. Nf3 Be6 23. Ne5 Rb6 24. g4 a5 25. Rab1 Reb8 26. Nf3 Rc8 27. Nd2 Rd6 28.
Bf1 c4 29. bxc4 dxc4 30. Ne4 Nxe4 31. Rxe4 Rd2 32. Rb7 Rc6 33. Re2 Rcd6 34. Rb2
Rd1 35. Kf2 Bxg4 36. hxg4 Rf6+ 37. Kg3 Rfxf1 38. Rb5 Rd3+ 39. Kh2 Rxc3 40. Rxa5
Rd3 41. g5 h5 42. Re8 Rd4 43. Re2 c3 44. Rc2 Rd2 45. Rxc3 Rff2 46. Rg3 Rxa2 47.
Rxa2 Rxa2 48. Kh3 Ra5 49. Kh4 Ra4+ 50. Kh3 Re4 51. Rb3 Re5 52. Kh4 Re4+ 53. Kh3
Rg4 54. Rb5 Kf8 55. Re5 Rd4 56. Kg3 Rd6 57. Kf3 Re6 58. Ra5 Re1 59. g4 Kg7 60.
gxh5 gxh5 61. Ra6 Re6 62. Ra8 Rb6 63. Kf4 Rb4+ 64. Kf5 h4 65. Ra6 Rb5+ 66. Kg4
Rb4+ 67. Kf5 Rc4 68. Rb6 Rc1 69. Kg4 Rc4+ 70. Kf5 Rc5+ 71. Kg4 Rc4+ 72. Kf5 1/2-1/2

[Event "Moscow Open F Women"]
[Site "Moscow RUS"]
[Date "2011.02.06"]
[Round "9.3"]
[White "Pustovoitova, Daria"]
[Black "Bodnaruk, Anastasia"]
[Result "0-1"]
[WhiteTitle "FM"]
[BlackTitle "IM"]
[WhiteElo "2331"]
[BlackElo "2425"]
[WhiteFideId "4182146"]
[BlackFideId "4181751"]
[EventDate "2011.01.29"]

1. d4 Nf6 2. c4 g6 3. g3 Bg7 4. Bg2 O-O 5. Nc3 d6 6. Nf3 Nc6 7. O-O a6 8. e3 Rb8
9. Qe2 e6 10. Rd1 b5 11. e4 bxc4 12. Qxc4 Bb7 13. Qe2 d5 14. Bg5 h6 15. Bxf6
Bxf6 16. e5 Be7 17. Rac1 f6 18. Na4 f5 19. Nc5 Bxc5 20. Rxc5 Ne7 21. Ne1 c6 22.
Nd3 Bc8 23. Qd2 Kg7 24. Rdc1 Qb6 25. R1c3 Qa7 26. Ra3 Rb5 27. Bf1 f4 28. Rxb5
cxb5 29. Nxf4 Nf5 30. Rd3 Qf7 31. Bh3 g5 32. Bxf5 exf5 33. Ng2 f4 34. gxf4 gxf4
35. Rf3 Qg6 36. Kf1 Bg4 37. Rxf4 Bh3 38. Rxf8 Qxg2+ 39. Ke2 Qe4+ 40. Kd1 Qb1+
41. Ke2 Bf1+ 42. Kf3 Qe4+ 43. Kg3 Qg2+ 0-1

[Event "Moscow Open F Women"]
[Site "Moscow RUS"]
[Date "2011.02.06"]
[Round "9.4"]
[White "Ghader Pour, Shayesteh"]
[Black "Romanko, Marina"]
[Result "1-0"]
[WhiteTitle "WIM"]
[BlackTitle "IM"]
[WhiteElo "2212"]
[BlackElo "2404"]
[WhiteFideId "12500747"]
[BlackFideId "4149351"]
[EventDate "2011.01.29"]

1. e4 c5 2. Nf3 d6 3. d4 cxd4 4. Nxd4 Nf6 5. Nc3 a6 6. Be2 e5 7. Nb3 Be7 8. O-O
O-O 9. Re1 Be6 10. Bf3 Nbd7 11. a4 Nb6 12. Nd2 Qc7 13. Nf1 Nc4 14. b3 Nb6 15.
Bb2 Rac8 16. Ne3 Rfe8 17. Re2 Bf8 18. a5 Nbd7 19. Ncd5 Qd8 20. c4 Ra8 21. Bc3
Nc5 22. Nxf6+ Qxf6 23. b4 Nd7 24. Nd5 Qd8 25. Rc2 Rc8 26. Bd2 Be7 27. Be3 Bg5
28. Bxg5 Qxg5 29. Rac1 Nb8 30. Nb6 Rcd8 31. b5 Qe7 32. Qd3 Qc7 33. Qc3 g6 34. h3
Qc5 35. Na4 Qc7 36. Qb4 Rc8 37. c5 axb5 38. cxd6 Qxc2 39. Rxc2 Rxc2 40. Nb6 Nc6
41. Qxb5 Rd8 42. Nd5 Kg7 43. Nc7 Bc8 44. Bg4 Bxg4 45. hxg4 Rb8 46. d7 Kf6 47.
Na6 Rd8 48. Qxb7 Ke7 49. Nb4 Nxb4 50. Qxb4+ Kxd7 51. Qb5+ Ke7 52. Qb4+ Rd6 53.
Qb7+ Kf6 54. Qb8 Rcc6 55. Qh8+ Ke6 56. g5 Ke7 57. Qxe5+ Re6 58. Qb8 Rc1+ 59. Kh2
Ra1 60. f3 Rd6 61. Qc7+ Ke6 62. Qc3 Rdd1 63. Qf6+ Kd7 64. Qxf7+ Kc6 65. Qc4+ Kb7
66. Qb5+ Ka7 67. e5 Rdb1 68. Qd7+ Ka6 69. e6 1-0

[Event "Moscow Open F Women"]
[Site "Moscow RUS"]
[Date "2011.02.06"]
[Round "9.5"]
[White "Stepovaia, Tatiana"]
[Black "Petrukhina, Irina"]
[Result "1-0"]
[WhiteTitle "WGM"]
[BlackTitle "WFM"]
[WhiteElo "2389"]
[BlackElo "2190"]
[WhiteFideId "4106970"]
[BlackFideId "4132432"]
[EventDate "2011.01.29"]

1. e4 c5 2. d3 Nc6 3. f4 g6 4. Nf3 Bg7 5. g3 d6 6. Bg2 e6 7. O-O Nge7 8. c3 O-O
9. Be3 b5 10. d4 cxd4 11. cxd4 d5 12. e5 b4 13. Re1 a5 14. Nbd2 a4 15. b3 a3 16.
Bf2 Ba6 17. Nf1 Na7 18. Qd2 Qa5 19. g4 Nb5 20. Ng3 Nc3 21. Nh4 g5 22. fxg5 Rac8
23. Nh5 Ng6 24. Nf6+ Kh8 25. Re3 Nf4 26. Rf3 Nfe2+ 27. Kh1 Ne4 28. Nxe4 dxe4 29.
Re3 Nxd4 30. Rxe4 Nc2 31. Rc1 Rfd8 32. Qf4 Bd3 33. Qxf7 Bxe4 34. Bxe4 Qxe5 35.
Ng6+ hxg6 36. Qxg6 Kg8 37. Bg3 Ne3 38. Rf1 Qxe4+ 39. Qxe4 Nxf1 40. Qxe6+ Kh7 41.
Bd6 Ne3 42. h3 Re8 43. Qf7 Rc1+ 44. Kh2 Nxg4+ 45. Kg3 Rg1+ 46. Kh4 Rd8 47. Bc5
Rg2 48. hxg4 Rxa2 49. Bxb4 Rh2+ 50. Kg3 Re2 51. Qf5+ Kh8 52. Bxa3 Re3+ 53. Kh4
Rdd3 54. Qc8+ Kh7 55. g6+ Kh6 56. g5+ Kxg6 57. Qc6+ Kh7 58. Bc5 Rf3 59. Qe4+ Kg8
60. b4 Rh3+ 61. Kg4 Rdg3+ 62. Kf5 Kh7 63. Ke6+ Kg8 64. Kd7 Rh2 65. g6 Rf2 66.
Qe6+ Kh8 67. Qe8+ 1-0

[Event "Moscow Open F Women"]
[Site "Moscow RUS"]
[Date "2011.02.06"]
[Round "9.6"]
[White "Suslova, Alena"]
[Black "Pourkashiyan, Atousa"]
[Result "0-1"]
[WhiteTitle "WFM"]
[BlackTitle "WGM"]
[WhiteElo "2180"]
[BlackElo "2397"]
[WhiteFideId "24111643"]
[BlackFideId "12502014"]
[EventDate "2011.01.29"]

1. c4 e6 2. Nf3 Nf6 3. d4 d5 4. g3 dxc4 5. Bg2 a6 6. O-O Nc6 7. Nc3 Rb8 8. e4 b5
9. Qe2 Be7 10. Rd1 O-O 11. d5 exd5 12. e5 d4 13. exf6 Bxf6 14. Ne4 Bf5 15. Nxf6+
Qxf6 16. Bg5 Qd6 17. Bf4 Qc5 18. Ne5 Nb4 19. g4 Be6 20. a3 Nd5 21. Qe4 d3 22.
Rac1 Qb6 23. Be3 Nxe3 24. Qxe3 Qxe3 25. fxe3 f6 26. Nc6 Bxg4 27. Bd5+ Kh8 28.
Nxb8 Bxd1 29. Rxd1 Rxb8 30. e4 Rd8 31. Kf2 Rd6 32. Ke3 c6 33. Kd4 cxd5 34. exd5
Kg8 35. Kc5 Rd8 36. d6 Kf7 37. Kc6 Ke6 38. Re1+ Kf5 39. Kc7 Ra8 40. Kb7 Rd8 41.
Kc7 Ra8 42. Kb7 Rf8 43. d7 Kf4 44. Kxa6 Rd8 45. Kxb5 Rxd7 46. Kxc4 d2 47. Rd1
Ke3 48. a4 Ke2 49. Rg1 d1=Q 50. Rxd1 Kxd1 51. b4 f5 52. a5 f4 53. Kc5 f3 54. Kc6
Rf7 0-1